Races de chien - Mort subite - Statistiques

Statistiques générales
  • Ce quiz a été pris 7 162 fois
  • Le résultat moyen est 14 sur 28
Answers on the Grid
Answers color-coded by a green-red scale on the quiz's grid according to % correct below.
Akita Inu
Beagle
Berger Allemand
Berger Australien
Bichon Maltais
Border Collie
Bouledogue Français
Boxer
British Shorthair
Burmese
Caniche
Canichon
Cavalier King Charles
Chihuahua
Chow-Chow
Cocker Spaniel
Dalmatien
Dalmino à Crête
Dobermann
Doguin Trapule
Épagneul des Marais
Golden Retriever
Gris Tacheté
Grisillon
Huskarou Chinois
Husky Sibérien
Labrador Retriever
Lévrier Afghan
Maine Coon
Malinois
Mastiff des Glaces
Molosson Riant
Mouffetard à Poil Long
Patouquet
Percheron
Poméranais Fluffy
Ragdoll
Rindou
Rottweiler
Saint-Bernard
Schnuffler Roux
Setter Irlandais
Shih Tzu
Shire
Spaniel Foudre
Spitz Nain
Teckel
Terre-Neuve
Terrier Fripon
Westie
 
Statistiques - réponses
Réponse % Correct
Chihuahua
63%
Caniche
62%
Teckel
62%
Berger Allemand
61%
Dalmatien
61%
Dobermann
61%
Malinois
61%
Golden Retriever
60%
Berger Australien
59%
Boxer
59%
Rottweiler
59%
Saint-Bernard
59%
Beagle
55%
Bouledogue Français
55%
Border Collie
52%
Spitz Nain
52%
Husky Sibérien
49%
Chow-Chow
48%
Cavalier King Charles
46%
Lévrier Afghan
45%
Bichon Maltais
44%
Terre-Neuve
44%
Labrador Retriever
40%
Shih Tzu
39%
Cocker Spaniel
37%
Akita Inu
33%
Setter Irlandais
30%
Westie
16%
Aucun quiz correspondant
Distribution des résultats
% des personnes avec chaque résultat
Percentile par nombre de réponses
Votre historique - résultats
Vous n’avez pas pris ce quiz